|
|
|
|
| LEADER |
00000nam0a2200000 4500 |
| 001 |
222144 |
| 005 |
20231101230440.0 |
| 010 |
|
|
|a 9785991622493
|
| 035 |
|
|
|a (RuTPU)RU\TPU\book\242328
|
| 090 |
|
|
|a 222144
|
| 100 |
|
|
|a 20120919d2013 m y0rusy50 ca
|
| 101 |
0 |
|
|a rus
|
| 102 |
|
|
|a RU
|
| 105 |
|
|
|a a j 001zy
|
| 200 |
1 |
|
|a Реклама и связи с общественностью
|e учебник для бакалавров
|f И. М. Синяева, О. Н. Романенкова, Д. А. Жильцов
|g Финансовый университет при Правительстве Российской Федерации
|
| 210 |
|
|
|a Москва
|c Юрайт
|d 2013
|
| 215 |
|
|
|a 552 с.
|c ил.
|
| 225 |
1 |
|
|a Бакалавр. Углубленный курс
|
| 320 |
|
|
|a Библиогр.: с. 550-552.
|
| 330 |
|
|
|a В учебнике раскрывается содержание и специфика PR и рекламы в организациях сферы товарного обращения и промышленного производства. Приводятся конкретные направления и примеры использования стратегий связей с общественностью для успешного позиционирования фирмы, а также рекламные кампании известных брендов. Уделяется внимание классификационным признакам, потребительской ценности сферы рекламных и PR услуг с учетом специфики практического использования в процессе рыночного участия компаний. Показывается специфика правового регулирования рекламы и PR. Раскрыто понятие сегментации рынка, представлены модели поведения потребителей рекламных услуг. Подробно рассматриваются PR и реклама в Интернете: инструменты продвижения товаров, брендов и услуг, контекстная и баннерная реклама, приведены примеры из практики известных агентств интернет-маркетинга. Даются комплексные оценки эффективности инструментов PR и рекламы, как количественные, так и качественные. Впервые рассматривается фриланс как современная организационная форма. Соответствует Федеральному государствен ному образовательному стандарту высшего профессионального образования третьего поколения.
|
| 606 |
1 |
|
|a Реклама
|2 stltpush
|3 (RuTPU)RU\TPU\subj\24860
|9 49135
|
| 606 |
1 |
|
|a Связи с общественностью
|2 stltpush
|3 (RuTPU)RU\TPU\subj\67473
|9 83258
|
| 610 |
1 |
|
|a массовые коммуникации
|
| 610 |
1 |
|
|a рекламная деятельность
|
| 610 |
1 |
|
|a планирование
|
| 610 |
1 |
|
|a организация
|
| 610 |
1 |
|
|a психология
|
| 610 |
1 |
|
|a паблик рилейшнз
|
| 610 |
1 |
|
|a PR
|
| 610 |
1 |
|
|a PR-деятельность
|
| 610 |
1 |
|
|a PR-технологии
|
| 610 |
1 |
|
|a современное состояние
|
| 610 |
1 |
|
|a эффективность
|
| 610 |
1 |
|
|a учебники
|
| 675 |
|
|
|a 659(075.8)
|v 3
|
| 675 |
|
|
|a 659.4(075.8)
|v 3
|
| 700 |
|
1 |
|a Синяева
|b И. М.
|g Инга Михайловна
|
| 701 |
|
1 |
|a Романенкова
|b О. Н.
|g Ольга Николаевна
|
| 701 |
|
1 |
|a Жильцов
|b Д. А.
|g Денис Анатольевич
|
| 712 |
0 |
2 |
|a Финансовый университет при Правительстве Российской Федерации
|c (Москва)
|c (2010- )
|2 stltpush
|3 (RuTPU)RU\TPU\col\17114
|9 26530
|
| 801 |
|
1 |
|a RU
|b 63413507
|c 20120919
|
| 801 |
|
2 |
|a RU
|b 63413507
|c 20150707
|g RCR
|
| 900 |
|
|
|a Реклама и связи с общественностью
|
| 942 |
|
|
|c BK
|
| 952 |
|
|
|b 080100
|
| 959 |
|
|
|a 111/20120907
|d 5
|e 359,00
|f ЧЗГЛ:1
|f АНЛ:1
|f УФ:3
|
| 959 |
|
|
|a 23/20140207
|d 5
|e 469,00
|f УФ:5
|